000 00459nam a2200181Ia 4500
008 090122s9999 xx 000 0 und d
082 _b67
_aO155:9
100 _aमालशे
_b
_c
245 _aआवड निवड
260 _bसुवर्ण
_c1977
300 _a176
501 _a--
600 _aमालशे
630 _aआवड निवड
700 _aमालशे
730 _aआवड निवड
942 _cBOOK
999 _c24145
_d24145